[Event "6th EICC"]
[Site "Warsaw POL"]
[Date "2005.06.27"]
[Round "9"]
[White "Galazewski,T"]
[Black "Asauskas,H"]
[Result "1-0"]
[WhiteElo "2137"]
[BlackElo "2357"]
[EventDate "2005.06.18"]

1. e4 e5 2. Nf3 Nc6 3. Bb5 Nf6 4. O-O Nxe4 5. d4 Nd6 6. Bxc6 dxc6 7. dxe5
Nf5 8. Qxd8+ Kxd8 9. Nc3 h6 10. b3 Bb4 11. Ne4 a5 12. Bb2 Be7 13. Rad1+ Ke8
14. Rfe1 Be6 15. h3 h5 16. Nfg5 Bxg5 17. Nxg5 c5 18. Nxe6 fxe6 19. Bc1 Rd8
20. Bg5 Rd7 21. Rxd7 Kxd7 22. Re4 Kc6 23. f3 Ra8 24. c3 Ng3 25. Re1 a4 26.
Kf2 axb3 27. axb3 h4 28. Bxh4 Nf5 29. Bg5 Ra3 30. g4 Nh6 31. Bxh6 gxh6 32.
f4 Rxb3 33. Re3 b5 34. g5 Ra3 35. g6 Ra8 36. f5 exf5 37. e6 Rg8 38. g7 f4
39. Re1 Rxg7 40. e7 Rg8 41. e8=Q+ Rxe8 42. Rxe8 Kd5 43. Ke2 Kc4 44. Kd2 Kb3
45. Rf8 c4 46. Rxf4 Kb2 47. Rf5 b4 48. cxb4 c3+ 49. Kd3 c2 50. Rf2 1-0

[Event "6th EICC"]
[Site "Warsaw POL"]
[Date "2005.06.27"]
[Round "9"]
[White "Rutkowski,M"]
[Black "Sliwinski,M"]
[Result "1-0"]
[WhiteElo "2346"]
[BlackElo "2186"]
[EventDate "2005.06.18"]

1. e4 e5 2. Nf3 d5 3. exd5 Bd6 4. Nc3 Nf6 5. d3 O-O 6. g3 Bg4 7. Bg2 Nbd7
8. O-O Nb6 9. h3 Bh5 10. g4 Bg6 11. Bg5 Re8 12. Re1 h6 13. Bh4 h5 14. Nh2
Nbd7 15. Nf1 hxg4 16. hxg4 Be7 17. Bg3 Bc5 18. Nd2 Nh7 19. Nce4 Be7 20. Nc4
Bh4 21. Qf3 Rb8 22. Rad1 b5 23. Na5 Rb6 24. Nc6 Bxe4 25. dxe4 Qg5 26. Qf5
Bxg3 27. Qxd7 Bh2+ 28. Kxh2 Qh4+ 29. Kg1 Nf6 30. Qf5 Nxg4 31. Qf3 Qh2+ 32.
Kf1 Qh5 33. Qg3 Rxc6 34. dxc6 Re6 35. Rd8+ Kh7 36. Qh3 Nh2+ 37. Kg1 Qxh3
38. Bxh3 Nf3+ 39. Kf1 Rh6 40. Re3 1-0

[Event "6th EICC"]
[Site "Warsaw POL"]
[Date "2005.06.27"]
[Round "9"]
[White "Bleis,C"]
[Black "Wojcicki,L"]
[Result "1-0"]
[WhiteElo "2258"]
[BlackElo "1833"]
[EventDate "2005.06.18"]

1. d4 d5 2. Nf3 Nf6 3. Bf4 Bf5 4. e3 e6 5. Nbd2 Bd6 6. Ne5 Nbd7 7. c4 Ne4
8. Nxe4 Bxe4 9. Qa4 f6 10. f3 fxe5 11. dxe5 b5 12. cxb5 Nc5 13. Qd4 Be7 14.
b4 Nd3+ 15. Bxd3 Bxd3 16. Qxd3 Bxb4+ 17. Kf2 Bc5 18. Rhc1 Bb6 19. a4 O-O
20. a5 Rxf4 21. axb6 Rb4 22. bxc7 Qh4+ 23. Kg1 Rc8 24. Rab1 Rxb1 25. Qxb1
Qe7 26. Qc2 Qd7 27. Qc5 Kf7 28. Kf2 Qe7 29. Qc6 h5 30. g3 h4 31. g4 Qe8 32.
Qb7 Qd7 33. Rc6 d4 34. Rd6 dxe3+ 35. Ke2 1-0

[Event "6th EICC"]
[Site "Warsaw POL"]
[Date "2005.06.27"]
[Round "9"]
[White "Gluszko,T"]
[Black "Kopczynski,M"]
[Result "1/2-1/2"]
[WhiteElo "1977"]
[BlackElo "2150"]
[EventDate "2005.06.18"]

1. e4 c5 2. Nf3 d6 3. d4 cxd4 4. Nxd4 Nf6 5. f3 g6 6. c4 Bg7 7. Nc3 Nc6 8.
Nc2 Bd7 9. Be3 Rc8 10. Qd2 O-O 11. Be2 Na5 12. Na3 Be6 13. b3 Nc6 14. Rc1
Qa5 15. Nab5 a6 16. Nd4 Nxd4 17. Bxd4 b5 18. Nb1 Qxd2+ 19. Nxd2 Rc6 20. Rd1
bxc4 21. Nxc4 d5 22. Bxf6 dxc4 23. Bxg7 Kxg7 24. Bxc4 Bxc4 25. bxc4 Rxc4
26. Ke2 Rfc8 27. Rd2 Kf6 28. Rb1 1/2-1/2

[Event "6th EICC"]
[Site "Warsaw POL"]
[Date "2005.06.27"]
[Round "9"]
[White "Swiercz,D"]
[Black "Azimi,R"]
[Result "1-0"]
[WhiteElo "2136"]
[BlackElo "2144"]
[EventDate "2005.06.18"]

1. e4 c5 2. Nf3 d6 3. d4 cxd4 4. Qxd4 Nc6 5. Bb5 Bd7 6. Bxc6 Bxc6 7. Nc3
Nf6 8. Bg5 e6 9. O-O-O Be7 10. Rhe1 O-O 11. Qd2 Qa5 12. Kb1 Qa6 13. Nd4
Rfc8 14. f3 b5 15. g4 b4 16. Nce2 Rab8 17. Ng3 Ba4 18. Nh5 Rc5 19. Bxf6
Bxf6 20. Nxf6+ gxf6 21. Rg1 Ra5 22. g5 f5 23. exf5 exf5 24. Qd3 Bb5 25.
Nxb5 Raxb5 26. Rge1 Qb7 27. f4 a5 28. Qxd6 a4 29. Re7 Qa8 30. Qf6 Rf8 31.
g6 hxg6 32. Rg1 Kh7 33. Qxg6+ 1-0

[Event "6th EICC"]
[Site "Warsaw POL"]
[Date "2005.06.28"]
[Round "10"]
[White "Asrian,K"]
[Black "Volkov,S1"]
[Result "1-0"]
[WhiteElo "2611"]
[BlackElo "2634"]
[EventDate "2005.06.18"]

1. e4 e6 2. d4 d5 3. Nc3 Nf6 4. Bg5 Bb4 5. e5 h6 6. Bd2 Bxc3 7. bxc3 Ne4 8.
Qg4 Kf8 9. Bd3 Nxd2 10. Kxd2 c5 11. Nf3 c4 12. Be2 Nc6 13. a4 Bd7 14. h4
Be8 15. Qf4 Ke7 16. Rh3 Kd7 17. Rg3 Rg8 18. h5 Qa5 19. Nh2 Ne7 20. Kd1 Rd8
21. Qc1 Kc8 22. Qa3 Qc7 23. Bg4 Kb8 24. Nf1 Nc6 25. f4 Bd7 26. Kd2 Bc8 27.
Nh2 f6 28. Re3 Qf7 29. Rf1 Ne7 30. Be2 Ka8 31. g4 f5 32. g5 hxg5 33. fxg5
Rh8 34. Rh3 Rdf8 35. Nf3 g6 36. h6 Nc6 37. Nh4 Nb8 38. Ng2 Nd7 39. Nf4 Re8
40. Rg1 Nf8 41. Qd6 Rh7 42. a5 Qd7 43. Qxd7 Bxd7 44. Bh5 gxh5 45. Rxh5 Rb8
46. Rhh1 Be8 47. g6 Nxg6 48. Nxg6 Bf7 49. Nf4 Rbh8 50. Rh3 Kb8 51. Rg7 Rxg7
52. hxg7 Rxh3 53. Nxh3 Kc7 54. Nf4 Kc6 55. Nh5 Kb5 56. Ke3 Kxa5 57. Kf4 Kb5
58. Kg5 a5 59. Kf6 Bg8 60. Ke7 a4 61. Nf6 a3 62. Nxg8 a2 63. Nf6 a1=Q 64.
g8=Q Qxc3 65. Qxe6 f4 66. Qd7+ Ka5 67. Qd8+ Kb5 68. Qe8+ Ka5 69. Qa8+ Kb5
70. Qxb7+ Ka5 71. Qa7+ Kb5 72. Nxd5 1-0

[Event "6th EICC"]
[Site "Warsaw POL"]
[Date "2005.06.28"]
[Round "10"]
[White "Rublevsky,S"]
[Black "Areshchenko,A"]
[Result "1/2-1/2"]
[WhiteElo "2645"]
[BlackElo "2595"]
[EventDate "2005.06.18"]

1. e4 c5 2. Nc3 a6 3. Nge2 d6 4. g3 b5 5. Bg2 Bb7 6. d4 b4 7. Na4 Nd7 8. c3
Ngf6 9. cxb4 cxb4 10. d5 g6 11. Nd4 Bg7 12. Nc6 Qc7 13. O-O Bxc6 14. dxc6
Ne5 15. Be3 Qxc6 16. f4 Nc4 17. Bd4 e5 18. Rc1 exd4 19. b3 O-O 20. Rxc4 Qb5
21. Rxd4 Ne8 22. Rd5 Qb8 23. h3 h5 24. Qd3 Ra7 25. Kh1 Re7 26. Ra5 Nf6 27.
Rxa6 Rfe8 28. Rb6 Qc8 29. Rxb4 Nxe4 30. Rxe4 Rxe4 31. Bxe4 Qxh3+ 32. Kg1
Rxe4 33. Qxe4 Bd4+ 34. Qxd4 1/2-1/2

[Event "6th EICC"]
[Site "Warsaw POL"]
[Date "2005.06.28"]
[Round "10"]
[White "Gurevich,M"]
[Black "Parligras,M"]
[Result "1/2-1/2"]
[WhiteElo "2630"]
[BlackElo "2560"]
[EventDate "2005.06.18"]

1. d4 Nf6 2. c4 e6 3. Nc3 Bb4 4. Qc2 d5 5. a3 Bxc3+ 6. Qxc3 Nc6 7. Bg5 dxc4
8. e3 h6 9. Bxf6 Qxf6 10. Nf3 O-O 11. Bxc4 Re8 12. Rd1 a6 13. O-O Bd7 14.
Rd2 Qe7 15. Ba2 Qd6 16. Rc1 Rac8 17. Bb1 Ne7 18. Ne5 Nd5 19. Qb3 Bb5 20.
Qc2 Nf6 21. h3 Red8 22. Ng4 Qe7 23. Nxf6+ Qxf6 24. Qh7+ Kf8 25. Rdc2 Bc6
26. Rc5 Ke7 27. Ba2 Rd7 28. Bc4 Bd5 29. Bf1 g6 30. Qxh6 Rh8 31. Qf4 Qxf4
32. exf4 c6 33. R5c3 a5 34. f3 Rhd8 35. Kf2 a4 36. Ke3 Bb3 37. Rd3 f6 38.
Be2 Rd5 39. Rc5 R5d6 40. Bd1 b6 41. Rc1 e5 42. fxe5 fxe5 43. d5 Bxd1 44.
Rdxd1 Rxd5 45. Rxd5 cxd5 46. Rc6 Rd6 47. Rc8 Rd8 48. Rxd8 Kxd8 49. Kd3 Ke7
50. Kc3 Kf6 51. Kd3 1/2-1/2

[Event "6th EICC"]
[Site "Warsaw POL"]
[Date "2005.06.28"]
[Round "10"]
[White "Popov,Val"]
[Black "Cheparinov,I"]
[Result "1-0"]
[WhiteElo "2568"]
[BlackElo "2621"]
[EventDate "2005.06.18"]

1. d4 Nf6 2. c4 e6 3. Nc3 Bb4 4. Qc2 O-O 5. a3 Bxc3+ 6. Qxc3 b6 7. Nf3 Bb7
8. b4 d5 9. e3 Nbd7 10. Bd3 c5 11. O-O Rc8 12. dxc5 bxc5 13. cxd5 Bxd5 14.
b5 Bxf3 15. gxf3 Nd5 16. Qc2 Qg5+ 17. Kh1 Qf6 18. Rg1 Qxa1 19. Bxh7+ Kh8
20. Bb2 Qxg1+ 21. Kxg1 f5 22. Bg6 Ne7 23. Bh5 Nf6 24. Qc4 Nxh5 25. Qh4 Rf7
26. Qxh5+ Kg8 27. Qh4 c4 28. Qd4 Nd5 29. Qe5 Rf6 30. Bc1 c3 31. e4 fxe4 32.
fxe4 Nb6 33. Qd4 c2 34. a4 Rc4 35. Qd3 Rxa4 36. Qxc2 Rc4 37. Qb1 Rg6+ 38.
Kf1 Rf6 39. Be3 Rc7 40. Qd3 Rd7 41. Qc2 Kh7 42. h4 e5 43. h5 Rdf7 44. Qc5
Re6 45. Qc3 Rd7 46. Ke2 Rf7 47. Qb3 Ref6 48. Qc2 Re6 49. Ke1 Rd7 50. Kf1
Rb7 51. Kg2 Rd7 52. Kh3 Rb7 53. Kh4 Rf7 54. Qb3 Ref6 55. Qd3 Rd7 56. Qc2
Re6 57. Kg4 Rf7 58. Qb3 Ref6 59. Qd3 Re6 60. Kh3 Rd7 61. Qc2 Rb7 62. Qe2
Rf6 63. Bg5 Rf8 64. Bh4 Rc7 65. Qg4 Rcf7 66. Qg6+ Kh8 67. Kg2 Nd7 68. Bg3
Rf6 69. Qg5 R6f7 70. Kg1 Re8 71. Qg6 Ref8 72. h6 gxh6 73. Qxh6+ Kg8 74. Qe6
Kh7 75. Qh3+ Kg8 76. Qe6 Kh7 77. Bxe5 Nxe5 78. Qxe5 Rf4 79. Qd4 R8f7 80.
Qe3 Kg8 81. Kg2 Rg4+ 82. Kf1 Rgf4 83. Ke2 Kg7 84. Qg3+ Kf8 85. Ke3 R4f6 86.
Qb8+ Kg7 87. Qe5 Kf8 88. f4 Rb6 89. Qh8+ Ke7 90. Qa8 Rxb5 91. Qxa7+ Kf8 92.
Qa8+ Kg7 93. Qa4 Rh5 94. Qd4+ Kh7 95. Qd8 Kg7 96. f5 Rhxf5 97. exf5 Rxf5
98. Ke4 Rf7 99. Qg5+ Kh7 100. Ke5 Rg7 101. Qh5+ Kg8 102. Kf6 Rg3 103. Qd5+
Kh7 104. Qe4+ Kg8 105. Qc4+ 1-0

[Event "6th EICC"]
[Site "Warsaw POL"]
[Date "2005.06.28"]
[Round "10"]
[White "Pantsulaia,L"]
[Black "Van Wely,L"]
[Result "1/2-1/2"]
[WhiteElo "2496"]
[BlackElo "2687"]
[EventDate "2005.06.18"]

1. d4 Nf6 2. Nf3 g6 3. c4 Bg7 4. g3 d5 5. cxd5 Nxd5 6. Bg2 Nb6 7. O-O Nc6
8. e3 e5 9. Nc3 exd4 10. Nxd4 Nxd4 11. exd4 O-O 12. d5 Nc4 13. Qb3 Nd6 14.
Bf4 Bf5 15. Nb5 Qd7 16. a4 Rfc8 17. Rac1 a6 18. Nxd6 cxd6 19. Qb6 Qxa4 20.
Bxd6 Rxc1 21. Rxc1 Bd4 22. b3 Bxb6 23. bxa4 Re8 24. Bf3 Bh3 25. Bf4 Bc5 26.
Bg2 1/2-1/2

[Event "6th EICC"]
[Site "Warsaw POL"]
[Date "2005.06.28"]
[Round "10"]
[White "Nevednichy,V"]
[Black "Kobalia,M"]
[Result "0-1"]
[WhiteElo "2566"]
[BlackElo "2644"]
[EventDate "2005.06.18"]

1. e4 c5 2. Nf3 e6 3. d4 cxd4 4. Nxd4 a6 5. Nc3 Nc6 6. Be2 d6 7. O-O Nf6 8.
a4 Be7 9. Be3 Bd7 10. f4 Nxd4 11. Bxd4 Bc6 12. Bd3 O-O 13. a5 Nd7 14. Kh1
e5 15. Be3 exf4 16. Bxf4 Ne5 17. Bxe5 dxe5 18. Qh5 g6 19. Qe2 Bb4 20. Nd5
Bxd5 21. exd5 Bd6 22. c4 Re8 23. Qg4 Qe7 24. Rae1 Rf8 25. Re3 Rae8 26. Bc2
Kh8 27. Ba4 Rc8 28. b4 Bxb4 29. Rb1 Bxa5 30. Reb3 Rc7 31. R3b2 Kg7 32. Bd1
Rd8 33. Be2 Bc3 34. Rb3 Bd4 35. Qe4 Bc5 36. Qc2 Rd6 37. Qd2 b6 38. Rh3 Kg8
39. Rf1 Rf6 40. Rd1 Rd6 41. Rf1 Qf8 42. Bd3 Re7 43. Qg5 Re8 44. Bc2 Qg7 45.
Rhf3 f5 46. g4 e4 47. Rh3 e3 48. Bd3 e2 49. Re1 Bf2 50. Rxe2 Qa1+ 0-1

[Event "6th EICC"]
[Site "Warsaw POL"]
[Date "2005.06.28"]
[Round "10"]
[White "Aleksandrov,A"]
[Black "Mastrovasilis,D"]
[Result "1-0"]
[WhiteElo "2635"]
[BlackElo "2562"]
[EventDate "2005.06.18"]

1. c4 e6 2. d4 d5 3. Nc3 c6 4. e4 Bb4 5. Bd2 dxc4 6. Bxc4 Qxd4 7. Qe2 Qd8
8. Rd1 Nd7 9. a3 Bf8 10. f4 Ngf6 11. Nf3 Qc7 12. O-O Bc5+ 13. Kh1 O-O 14.
Ba2 b6 15. b4 Be7 16. Rc1 Qb7 17. e5 Nd5 18. Nxd5 cxd5 19. Nd4 Qa6 20. Qe3
Bb7 21. Bb1 Rac8 22. Bd3 Rc4 23. f5 Nxe5 24. Qxe5 Bf6 25. Bxc4 dxc4 26. Qe3
e5 27. Ne2 Rd8 28. Ng3 Rd3 29. Qe2 h6 30. Nh5 c3 31. Nxf6+ gxf6 32. Bxh6
1-0

[Event "6th EICC"]
[Site "Warsaw POL"]
[Date "2005.06.28"]
[Round "10"]
[White "Iljushin,A"]
[Black "Sargissian,G"]
[Result "1-0"]
[WhiteElo "2543"]
[BlackElo "2630"]
[EventDate "2005.06.18"]

1. d4 Nf6 2. c4 e6 3. g3 d5 4. Bg2 Bb4+ 5. Bd2 Be7 6. Nf3 O-O 7. O-O c6 8.
Qc2 b6 9. Bf4 Bb7 10. Rd1 Nh5 11. Be3 Nd7 12. Nc3 f5 13. cxd5 exd5 14. Bh3
g6 15. Bh6 Re8 16. g4 fxg4 17. Bxg4 Ng7 18. Bh3 Bd6 19. Kh1 Nf8 20. Rg1 Bc8
21. Bxc8 Rxc8 22. e4 Bb4 23. e5 Qd7 24. Bxg7 Kxg7 25. Ne2 Ne6 26. Nh4 Kh8
27. f4 Ng7 28. Rg3 Be7 29. Nxg6+ hxg6 30. Qxg6 Bf8 31. Qh6+ Kg8 32. Rag1
Rc7 33. Rg5 c5 34. f5 cxd4 35. e6 1-0

[Event "6th EICC"]
[Site "Warsaw POL"]
[Date "2005.06.28"]
[Round "10"]
[White "Gritsak,O"]
[Black "Izoria,Z"]
[Result "1/2-1/2"]
[WhiteElo "2537"]
[BlackElo "2602"]
[EventDate "2005.06.18"]

1. d4 Nf6 2. Nf3 d5 3. c4 e6 4. g3 Bb4+ 5. Bd2 Be7 6. Bg2 O-O 7. O-O c6 8.
Qc2 b6 9. Rd1 Ba6 10. b3 Nbd7 11. Bf4 Rc8 12. Nc3 Qe8 13. e4 dxc4 14. h3
Bb4 15. Nd2 e5 16. Be3 exd4 17. Bxd4 Bc5 18. Nxc4 Bxc4 19. bxc4 Qe7 20. f4
Rfd8 21. Kh2 Ne8 22. e5 f6 23. Bxc5 Nxc5 24. Rxd8 Qxd8 25. Ne4 Qd3 26. Qxd3
Nxd3 27. Bf1 Nc5 28. Nxc5 bxc5 29. Rb1 fxe5 30. fxe5 Kf7 31. h4 Rc7 32. Bh3
Re7 33. Re1 Rb7 34. Rd1 Re7 35. Rd7 Nc7 36. Kg2 Rxd7 37. Bxd7 Ke7 38. Bf5
g6 39. Bc8 Ne6 40. Kf3 Nd4+ 41. Ke3 h6 42. Bg4 Nc2+ 43. Kd2 Nd4 44. Kd3 Kf7
45. Ke4 Ke7 46. Bd1 Ke6 47. Kf4 Kf7 48. Ke4 Ke6 49. Bg4+ 1/2-1/2

[Event "6th EICC"]
[Site "Warsaw POL"]
[Date "2005.06.28"]
[Round "10"]
[White "Palac,M"]
[Black "Andreikin,D"]
[Result "1/2-1/2"]
[WhiteElo "2574"]
[BlackElo "2495"]
[EventDate "2005.06.18"]

1. e4 e5 2. Nf3 Nc6 3. Bb5 Nf6 4. O-O Nxe4 5. Qe2 Nf6 6. d4 e4 7. Nc3 Be7
8. Nxe4 Nxe4 9. Qxe4 d5 10. Qe3 O-O 11. Bxc6 bxc6 12. Qc3 Qd6 13. Re1 Re8
14. Bg5 f6 15. Bf4 Qd7 16. Re3 Bd6 17. Rae1 Rxe3 18. Qxe3 Bb4 19. c3 Bf8
20. Nd2 a5 21. Nb3 a4 22. Nc5 Bxc5 23. dxc5 Ba6 24. b3 Kf7 25. bxa4 Re8 26.
Qd2 Rxe1+ 27. Qxe1 Qe7 28. Be3 Qe4 29. Qd1 Qd3 30. Qc1 Qc4 31. a3 Qxa4 32.
h3 Be2 33. Kh2 Qd1 34. Qb2 Bb5 35. Qb4 Qa4 36. Qb2 Qe4 37. Qc1 Qe5+ 38. Kg1
Qe4 39. Bd4 h6 40. f3 Qf5 41. Qd1 Qd3 42. Qe1 Qe2 43. Qg3 Qe7 44. Qg4 Qe1+
45. Kh2 Qe6 46. Qf4 Qe7 47. Qg3 Qd7 48. Qe1 Qe8 49. Qa1 Qa8 50. Qc1 Kg8 51.
h4 h5 52. Qf4 Qxa3 53. Qg3 Kf8 54. Qxc7 Qc1 55. Qd8+ Kf7 56. Qd7+ Kf8 57.
Qc8+ Kf7 58. Qd7+ Kf8 59. Qf5 Qh6 60. Be5 Kf7 61. Bf4 Qg6 62. Qxg6+ 1/2-1/2

[Event "6th EICC"]
[Site "Warsaw POL"]
[Date "2005.06.28"]
[Round "10"]
[White "Dizdar,G"]
[Black "Guseinov,G"]
[Result "1/2-1/2"]
[WhiteElo "2524"]
[BlackElo "2573"]
[EventDate "2005.06.18"]

1. d4 Nf6 2. c4 g6 3. Nf3 Bg7 4. g3 c6 5. Bg2 O-O 6. Nc3 d5 7. cxd5 cxd5 8.
Ne5 e6 9. O-O Nfd7 10. f4 Nc6 11. Be3 Ndxe5 12. fxe5 f6 13. exf6 Rxf6 14.
Qd2 Bd7 15. Kh1 Rxf1+ 16. Rxf1 Qa5 17. Bh6 Qb4 18. Bxg7 Kxg7 19. Qf4 Qe7
20. e4 Rf8 21. Qxf8+ Qxf8 22. Rxf8 Kxf8 23. exd5 Nxd4 24. dxe6 Bc6 25. Nd5
Nxe6 26. Nf6 Kf7 27. Bxc6 bxc6 28. Ne4 h6 29. Kg2 Nd4 30. Kf2 Ke6 31. Ke3
Ke5 32. Nf2 Nc2+ 33. Kd2 Nd4 34. Ke3 Nc2+ 35. Kd2 Nd4 36. Kd3 h5 37. Ke3
Nf5+ 38. Kd3 Nd4 39. Ke3 Nf5+ 40. Kd3 Nd4 41. Ke3 1/2-1/2

[Event "6th EICC"]
[Site "Warsaw POL"]
[Date "2005.06.28"]
[Round "10"]
[White "Kempinski,R"]
[Black "Nijboer,F"]
[Result "1/2-1/2"]
[WhiteElo "2627"]
[BlackElo "2553"]
[EventDate "2005.06.18"]

1. d4 f5 2. c4 Nf6 3. Nc3 d6 4. Nf3 g6 5. e3 Bg7 6. Be2 O-O 7. b4 e5 8.
dxe5 dxe5 9. Qb3 e4 10. Nd4 c5 11. bxc5 Nc6 12. Bb2 f4 13. O-O-O Nxd4 14.
exd4 Bf5 15. f3 Rc8 16. Nb5 Re8 17. Nd6 exf3 18. Bxf3 Re3 19. Qxb7 Rb8 20.
Qf7+ Kh8 21. Qxa7 Re7 22. Qa3 Ng4 23. Bxg4 Bxg4 24. Rde1 Kg8 25. Rxe7 Qxe7
26. h3 f3 27. gxf3 Qg5+ 28. Kb1 Bxd4 29. Nb5 Bxb2 30. Qxb2 Bxf3 31. Re1
Qxc5 32. Qe5 Rc8 33. Nd6 Qxe5 34. Rxe5 Rc6 35. c5 Kg7 36. Ne8+ Kf7 37. Kb2
Re6 38. Nd6+ Kf6 39. Rxe6+ Kxe6 40. Kc3 g5 41. Kd4 h5 42. a4 g4 43. hxg4
hxg4 44. Ne4 Bxe4 1/2-1/2

[Event "6th EICC"]
[Site "Warsaw POL"]
[Date "2005.06.28"]
[Round "10"]
[White "Potkin,V"]
[Black "Timofeev,Arty"]
[Result "0-1"]
[WhiteElo "2552"]
[BlackElo "2622"]
[EventDate "2005.06.18"]

1. e4 c5 2. Nf3 Nc6 3. Bb5 d6 4. Bxc6+ bxc6 5. O-O e5 6. c3 Nf6 7. Re1 Bg4
8. h3 Bh5 9. d4 cxd4 10. cxd4 Nd7 11. Be3 Be7 12. Nbd2 exd4 13. Bxd4 O-O
14. Rc1 c5 15. Bc3 Nb6 16. Ba5 Qc8 17. Nf1 Qa6 18. b4 Nd7 19. Qa4 Qb7 20.
bxc5 Nxc5 21. Qd4 Bxf3 22. gxf3 Qa6 23. Bc3 Ne6 24. Qd2 Ng5 25. Qe3 d5 26.
h4 d4 27. Bxd4 Ne6 28. Be5 Bxh4 29. Bg3 Bf6 30. e5 Be7 31. f4 g6 32. Qe4
Rab8 33. Rc4 Qxa2 34. Ra4 Qb3 35. Rxa7 Bc5 36. Ra4 Bb4 37. Rea1 Nc5 38.
Rxb4 Nxe4 39. Rxb3 Rxb3 40. Re1 Nxg3 41. fxg3 Rb2 42. Rd1 Ra8 43. Rd2 Rxd2
44. Nxd2 Ra2 45. Ne4 Kg7 46. Nf6 h6 47. Ne8+ Kf8 48. Nf6 Rb2 49. Kf1 h5 50.
Nd5 Ke8 51. Ne3 Kd7 52. f5 Rb5 53. e6+ fxe6 54. fxg6 Rg5 55. Kg2 Ke7 56.
Kf3 Rxg6 57. g4 hxg4+ 58. Nxg4 Kd6 59. Nf2 Kd5 0-1

[Event "6th EICC"]
[Site "Warsaw POL"]
[Date "2005.06.28"]
[Round "10"]
[White "Nyback,T"]
[Black "Filippov,Va"]
[Result "1-0"]
[WhiteElo "2551"]
[BlackElo "2621"]
[EventDate "2005.06.18"]

1. d4 d5 2. c4 e6 3. Nf3 Nf6 4. Nc3 Bb4 5. cxd5 exd5 6. Bg5 Nbd7 7. Qc2 c5
8. dxc5 h6 9. Bd2 O-O 10. e3 Bxc5 11. Bd3 b6 12. O-O Bb7 13. Rfd1 Re8 14.
Rac1 Ne5 15. Nxe5 Rxe5 16. Ne2 d4 17. b4 Ng4 18. f3 Nxh2 19. e4 Bxe4 20.
bxc5 Bxf3 21. Bf4 Rg5 22. Ng3 Rxc5 23. Qd2 Bxd1 24. Rxd1 Ng4 25. Be4 Rac8
26. Bf5 Qh4 27. Bxc8 Qh2+ 28. Kf1 Rxc8 29. Qxd4 g6 30. Qd7 Rc2 31. Qe8+ Kg7
32. Nf5+ 1-0

[Event "6th EICC"]
[Site "Warsaw POL"]
[Date "2005.06.28"]
[Round "10"]
[White "Macieja,B"]
[Black "Gouliev,N"]
[Result "1/2-1/2"]
[WhiteElo "2613"]
[BlackElo "2526"]
[EventDate "2005.06.18"]

1. e4 c5 2. Nc3 a6 3. Nge2 e6 4. d4 cxd4 5. Nxd4 Nc6 6. g3 d6 7. Bg2 Bd7 8.
O-O Nf6 9. Re1 Be7 10. Nxc6 Bxc6 11. e5 dxe5 12. Bxc6+ bxc6 13. Rxe5 O-O
14. Bd2 Qb6 15. Rb1 Rfd8 16. Qe2 Ng4 17. Be3 Nxe3 18. Rxe3 Rd4 19. Rd3 Rxd3
20. Qxd3 Rd8 21. Qe2 h6 22. Ne4 Qd4 23. Nc3 Qb6 24. Ne4 Qd4 25. Nc3 Qb6
1/2-1/2

[Event "6th EICC"]
[Site "Warsaw POL"]
[Date "2005.06.28"]
[Round "10"]
[White "Tregubov,P"]
[Black "Jaracz,P"]
[Result "1/2-1/2"]
[WhiteElo "2612"]
[BlackElo "2530"]
[EventDate "2005.06.18"]

1. d4 Nf6 2. c4 g6 3. Nc3 d5 4. Nf3 Bg7 5. e3 O-O 6. cxd5 Nxd5 7. Bc4 Nxc3
8. bxc3 Nc6 9. O-O Na5 10. Be2 b6 11. Ba3 Bb7 12. Qc2 c5 13. dxc5 Qc7 14.
Rab1 Rfc8 15. Rfc1 e6 16. c4 bxc5 17. Rb5 Bc6 18. Rxc5 Bf8 19. Qc3 Bxc5 20.
Bb2 e5 21. Nxe5 Rab8 22. Nd7 Rxb2 23. Nf6+ Kf8 24. Nxh7+ Kg8 25. Nf6+ Kf8
26. Nh7+ Kg8 27. Nf6+ Kf8 28. Nh7+ 1/2-1/2

[Event "6th EICC"]
[Site "Warsaw POL"]
[Date "2005.06.28"]
[Round "10"]
[White "Korneev,O"]
[Black "Zelcic,R"]
[Result "1-0"]
[WhiteElo "2611"]
[BlackElo "2514"]
[EventDate "2005.06.18"]

1. e4 c6 2. d4 d5 3. Nc3 dxe4 4. Nxe4 Bf5 5. Ng3 Bg6 6. h4 h6 7. Nh3 e6 8.
Nf4 Bh7 9. Bc4 Nf6 10. Nfh5 Nbd7 11. c3 Nxh5 12. Nxh5 Qe7 13. Bf4 g6 14.
Ng3 g5 15. hxg5 hxg5 16. Be3 O-O-O 17. Qg4 Bf5 18. Qxg5 f6 19. Qf4 Rxh1+
20. Nxh1 Qh7 21. Ng3 Nb6 22. Bb3 Bd6 23. Qf3 Bxg3 24. fxg3 Nd5 25. O-O-O
Be4 26. Qf2 Qg6 27. Bd2 Rh8 28. c4 Nb6 29. Re1 Rh2 30. Qf4 Bb1 31. Qd6 Rxg2
32. Qxe6+ Nd7 33. Qe8+ Kc7 34. Bf4+ Kb6 35. c5+ Ka6 36. Bc4+ Ka5 37. Bd2+
Rxd2 38. Qxg6 1-0

[Event "6th EICC"]
[Site "Warsaw POL"]
[Date "2005.06.28"]
[Round "10"]
[White "Stocek,J"]
[Black "Nalbandian,T"]
[Result "1-0"]
[WhiteElo "2585"]
[BlackElo "2508"]
[EventDate "2005.06.18"]

1. d4 Nf6 2. c4 d6 3. Nc3 Nbd7 4. e4 e5 5. Nge2 c6 6. d5 Nc5 7. f3 cxd5 8.
cxd5 a5 9. Ng3 a4 10. Bb5+ Bd7 11. Qe2 Bxb5 12. Nxb5 g6 13. O-O Bg7 14. Be3
O-O 15. Rac1 b6 16. b4 axb3 17. axb3 Nxb3 18. Rc6 Ne8 19. Bxb6 Qb8 20. Bf2
Bh6 21. Qd3 Ra5 22. Rb6 1-0

[Event "6th EICC"]
[Site "Warsaw POL"]
[Date "2005.06.28"]
[Round "10"]
[White "Shomoev,A"]
[Black "Roiz,M"]
[Result "1/2-1/2"]
[WhiteElo "2540"]
[BlackElo "2579"]
[EventDate "2005.06.18"]

1. e4 c5 2. Nf3 a6 3. Nc3 e6 4. d4 b5 5. d5 Bb7 6. Bf4 Qa5 7. Nd2 Nf6 8.
Be2 exd5 9. Nxd5 Nxd5 10. exd5 Bxd5 11. O-O Be6 12. a4 Qb4 13. Be5 bxa4 14.
Bc3 Qf4 15. Nc4 Nc6 16. Rxa4 Nd4 17. Nb6 Rb8 18. Bxd4 cxd4 19. Rxd4 Qc7 20.
Nd5 Qc8 21. Bc4 Bc5 22. b4 Bxb4 23. Qh5 Bc5 24. Rh4 h6 25. Qe5 O-O 26. Nf6+
gxf6 27. Qg3+ Kh7 28. Bd3+ f5 29. Qg5 Bxf2+ 30. Kxf2 Qc5+ 31. Kf3 Qd5+ 32.
Kf2 Qc5+ 33. Kf3 Qd5+ 34. Kf2 1/2-1/2

[Event "6th EICC"]
[Site "Warsaw POL"]
[Date "2005.06.28"]
[Round "10"]
[White "Huzman,A"]
[Black "Markowski,T"]
[Result "1/2-1/2"]
[WhiteElo "2577"]
[BlackElo "2560"]
[EventDate "2005.06.18"]

1. d4 d5 2. Nf3 Nf6 3. c4 dxc4 4. Nc3 e6 5. Qa4+ c6 6. Qxc4 b5 7. Qd3 Nbd7
8. e4 b4 9. Na4 Qa5 10. b3 Bb7 11. e5 Nd5 12. Bd2 a6 13. Ng5 Be7 14. Ne4 c5
15. Naxc5 Nxc5 16. dxc5 Bxc5 17. Rc1 Be7 18. Qg3 g6 19. Bc4 O-O 20. Nd6
Bxd6 21. exd6 Nc3 22. Bxc3 bxc3 23. O-O Rfd8 24. Rfd1 Rac8 25. Rxc3 Rc5 26.
h4 Qxa2 27. Bxe6 Rxc3 28. Qxc3 fxe6 29. Qf6 Qa5 30. Qxe6+ Kh8 31. Qf6+ Kg8
32. Qe6+ Kh8 33. Qf6+ Kg8 34. d7 Qc7 35. Qe6+ Kf8 36. Qf6+ Kg8 1/2-1/2

[Event "6th EICC"]
[Site "Warsaw POL"]
[Date "2005.06.28"]
[Round "10"]
[White "Sulskis,S"]
[Black "Pavlovic,Mi"]
[Result "0-1"]
[WhiteElo "2545"]
[BlackElo "2475"]
[EventDate "2005.06.18"]

1. e4 c5 2. Nf3 Nc6 3. d4 cxd4 4. Nxd4 g6 5. Nc3 Bg7 6. Be3 Nf6 7. Bc4 Qa5
8. O-O O-O 9. h3 d6 10. Nd5 Re8 11. f4 Nxe4 12. f5 Ne5 13. b4 Qd8 14. Bb3
Ng3 15. fxg6 hxg6 16. Rf4 e6 17. Nc3 Bd7 18. Qe1 Rc8 19. Nce2 Nh5 20. Rh4
Nc4 21. Bf2 e5 22. Nf3 e4 23. Nfd4 Qg5 24. Kh1 d5 25. Rd1 Be5 26. Qg1 Kg7
27. c3 Nb2 28. Rf1 Nc4 29. Nc2 e3 30. Bxc4 exf2 31. Qxf2 Bf5 32. Bxd5 Ng3+
33. Nxg3 Qxg3 34. Ne3 Qh2+ 0-1

[Event "6th EICC"]
[Site "Warsaw POL"]
[Date "2005.06.28"]
[Round "10"]
[White "Hulak,K"]
[Black "Nielsen,PH"]
[Result "0-1"]
[WhiteElo "2534"]
[BlackElo "2653"]
[EventDate "2005.06.18"]

1. d4 d5 2. c4 e6 3. Nc3 c6 4. Nf3 dxc4 5. Bg5 Be7 6. Bxe7 Nxe7 7. e3 b5 8.
a4 Nd5 9. Qb1 a6 10. h4 Nd7 11. axb5 Nxc3 12. bxc3 cxb5 13. e4 e5 14. g3
O-O 15. Bg2 Re8 16. O-O Bb7 17. Nxe5 Nxe5 18. dxe5 Rxe5 19. f4 Re7 20. Ra2
Rd7 21. Qe1 Rd3 22. e5 Bxg2 23. Rxg2 Qa5 24. Rc2 Qa4 25. Rc1 Qa3 26. Kh2
Rad8 27. Rc2 Qc5 28. Re2 Qd5 29. f5 Rd2 30. Kh3 Rxe2 31. Qxe2 Qd3 32. Qe1
Re8 33. Rf4 h5 34. e6 Qd5 35. Kh2 fxe6 36. Qe2 Rf8 37. fxe6 Rxf4 38. gxf4
Kf8 39. Qe3 Ke7 40. Qa7+ Kxe6 41. Qxg7 Qd2+ 0-1